مكتبة جامعة عجلون الوطنية

فهرس بحث المكتبة

Normal view MARC view
  • حقوق الإنسان

Entry Topical Term

Number of records used in: 1

001 - CONTROL NUMBER

  • control field: 25895

003 - CONTROL NUMBER IDENTIFIER

  • control field: JO-AjAnu

005 - DATE AND TIME OF LATEST TRANSACTION

  • control field: 20230606074423.0

008 - FIXED-LENGTH DATA ELEMENTS

  • fixed length control field: 230606|| aca||aabn | a|a d

040 ## - CATALOGING SOURCE

  • Original cataloging agency: JO-AjAnu
  • Transcribing agency: JO-AjAnu

150 ## - HEADING--TOPICAL TERM

  • Topical term or geographic name entry element: حقوق الإنسان

670 ## - SOURCE DATA FOUND

  • Source citation: Work cat.: (JO-AjAnu)13312: الدباس ، علي محمد ، أبو زيد ، علي عليان , author 25894, حقوق الإنسان وحرياته ودور شرعية الإجراءات الشرطية في تعزيزها : دراسة تحليلية لتحقيق التوازن بين حقوق الإنسان وحرياتة وأمن المجتمع تشريعا وفقها وقضاء